000 00330nam a2200133Ia 4500
008 240624s9999 xx 000 0 und d
041 _aeng
082 _a658.827 ZAR
100 _aZARANTONELLO LIA
245 _aHANDBOOK OF BRAND MANAGEMENT SCALES
260 _c2016
_aLondon
_bRoutledge
300 _a310 : p.
365 _cGBP
_b30
999 _c26753
_d26753